000 00870nam1a22002411i 4500
001 rc\4283337
005 20260406130708.0
035 _a(NLR Aleph) 008247461
090 _a8314585
_c8314585
100 _a20130416d1958 |||y0rusy50 ca
101 0 _arus
102 _aRU
105 _a z |||||
200 1 _aБиблиотека Льва Николаевича Толстого в Ясной Поляне
_f[Предисл. В. Булгакова. Т.] 1-
_gМузей-усадьба "Ясная Поляна"
210 _aМосква
_cСов. Россия
_d1958
215 _d23
702 1 _aБулгаков
_bВ.
_4080
702 1 _4570
_8rus
_7ca
_aТолстой
_bЛ. Н.
_f1828-1910
_gЛев Николаевич
_3RU\NLR\AUTH\771515
_9111537
801 0 _aRU
_bNLR
_gpsbo
801 1 _aRU
_bELAR
_2rusmarc
852 _aNLR
_j59-5/1938
942 _cBOOK